Chemisorption of carbonyl campounds on Ni(111) /
Saved in:
| Main Author: | |
|---|---|
| Format: | Thesis Book |
| Language: | English |
| Published: |
2000.
|
| Tags: |
Add Tag
No Tags, Be the first to tag this record!
|
| LEADER | 00690cam a2200205 a 4500 | ||
|---|---|---|---|
| 001 | u490113 | ||
| 003 | SIRSI | ||
| 008 | 990618s2000 si v 00 1 eng m | ||
| 035 | |a ACR-6016 | ||
| 040 | |a UMM | ||
| 090 | |a QD3 |b NUS 2000 Yan | ||
| 100 | 1 | 0 | |a Yang, Peng Xiang. |
| 245 | 1 | 0 | |a Chemisorption of carbonyl campounds on Ni(111) / |c by Yang Peng Xiang. |
| 260 | |c 2000. | ||
| 300 | |a ix, 106 leaves : |b ill. ; |c 30 cm. | ||
| 502 | |a Dissertation (M.Sc.) -- National University of Singapore, 2000. | ||
| 504 | |a Bibliography: leaves 105-106. | ||
| 948 | |a 09/11/2001 |b 06/11/2002 | ||
| 596 | |a 1 | ||
| 999 | |a QD3 NUS 2000 YAN |w LC |c 1 |i A510540220 |l B_KOM4 |m P01UTAMA |r Y |s Y |t TESIS |u 13/11/2002 |o .PUBLIC. BKOM 4 : 43917 | ||
